Zákon č.92/1991 Zb. Pracovný návrh úplného znenia
Text návrhu úplného znenia zákona č.92/1991 Zb. - zákon o veľkej privatizácii - so všetkými zmenami, ktoré vyplynuli z niekoľkých noviel tejto právnej normy.
Gespeichert in:
| Format: | Buchkapitel |
|---|---|
| Sprache: | Slowakisch |
| Schlagworte: | |
| Tags: |
Keine Tags, Fügen Sie das erste Tag hinzu!
|
MARC
| LEADER | 00000naa a2200000 4500 | ||
|---|---|---|---|
| 001 | r015174 | ||
| 005 | 20221213114755.0 | ||
| 041 | 0 | |a slo | |
| 044 | |a SK | ||
| 245 | 1 | 0 | |a Zákon č.92/1991 Zb. |b Pracovný návrh úplného znenia |
| 520 | |a Text návrhu úplného znenia zákona č.92/1991 Zb. - zákon o veľkej privatizácii - so všetkými zmenami, ktoré vyplynuli z niekoľkých noviel tejto právnej normy. | ||
| 610 | 2 | 0 | |a privatizácia |
| 610 | 2 | 0 | |a zákony |
| 610 | 2 | 0 | |a Slovensko |
| 610 | 2 | 0 | |a 1991-1994 |
| 610 | 2 | 0 | |a predpisy právne |
| 610 | 2 | 0 | |a FNM SR Bratislava |